<?xml version="1.0" encoding="UTF-8"?>
<record
    xmlns:xsi="http://www.w3.org/2001/XMLSchema-instance"
    xsi:schemaLocation="http://www.loc.gov/MARC21/slim http://www.loc.gov/standards/marcxml/schema/MARC21slim.xsd"
    xmlns="http://www.loc.gov/MARC21/slim">

  <leader>02353nam a22002537a 4500</leader>
  <controlfield tag="001">10154</controlfield>
  <controlfield tag="003">FISKH</controlfield>
  <controlfield tag="005">20260428112118.0</controlfield>
  <controlfield tag="008">260428b        cb ||||| |||| 00| 0 eng d</controlfield>
  <datafield tag="020" ind1=" " ind2=" ">
    <subfield code="a">9789924342267</subfield>
  </datafield>
  <datafield tag="040" ind1=" " ind2=" ">
    <subfield code="a">FISKH</subfield>
    <subfield code="b">khr </subfield>
    <subfield code="c">FISKH</subfield>
    <subfield code="d">FISKH</subfield>
  </datafield>
  <datafield tag="082" ind1=" " ind2=" ">
    <subfield code="a">649.1</subfield>
  </datafield>
  <datafield tag="100" ind1=" " ind2=" ">
    <subfield code="a">Rotana , Lach</subfield>
  </datafield>
  <datafield tag="245" ind1=" " ind2=" ">
    <subfield code="a">&#x17E9; &#x1782;&#x1793;&#x17D2;&#x179B;&#x17BA;&#x17C7;&#x179F;&#x1798;&#x17D2;&#x179A;&#x17B6;&#x1794;&#x17CB;&#x178F;&#x17D2;&#x179A;&#x17C0;&#x1798;&#x1781;&#x17D2;&#x179B;&#x17BD;&#x1793;&#x1780;&#x17D2;&#x179B;&#x17B6;&#x1799;&#x1787;&#x17B6;&#x17AA;&#x1796;&#x17BB;&#x1780;&#x1798;&#x17D2;&#x178F;&#x17B6;&#x1799;&#x1782;&#x17C1; /</subfield>
    <subfield code="c">&#x17A2;&#x17D2;&#x1793;&#x1780;&#x1793;&#x17B7;&#x1796;&#x1793;&#x17D2;&#x1792; &#x17A1;&#x17B6;&#x1785; &#x179A;&#x178F;&#x1793;&#x17B6;&#x200B;</subfield>
  </datafield>
  <datafield tag="260" ind1=" " ind2=" ">
    <subfield code="a">Phnom Penh : </subfield>
    <subfield code="b">Sipar ,</subfield>
    <subfield code="c">2025 .</subfield>
  </datafield>
  <datafield tag="300" ind1=" " ind2=" ">
    <subfield code="a">50 pages : </subfield>
    <subfield code="b">color illustrations ; </subfield>
    <subfield code="c">21 cm . </subfield>
  </datafield>
  <datafield tag="490" ind1=" " ind2=" ">
    <subfield code="a">&#x1794;&#x17C6;&#x1793;&#x17B7;&#x1793;&#x1787;&#x17B8;&#x179C;&#x17B7;&#x178F;</subfield>
  </datafield>
  <datafield tag="520" ind1=" " ind2=" ">
    <subfield code="a">&#x1780;&#x17B6;&#x179A;&#x1780;&#x17D2;&#x179B;&#x17B6;&#x1799;&#x1787;&#x17B6;&#x17AA;&#x1796;&#x17BB;&#x1780;&#x1798;&#x17D2;&#x178F;&#x17B6;&#x1799;&#x1787;&#x17B6;&#x179A;&#x1794;&#x178F;&#x17CB;&#x1798;&#x17BD;&#x1799;&#x1799;&#x17C9;&#x17B6;&#x1784;&#x1792;&#x17C6;&#x1780;&#x17D2;&#x1793;&#x17BB;&#x1784;&#x1787;&#x17B8;&#x179C;&#x17B7;&#x178F; &#x178A;&#x17C2;&#x179B;&#x178F;&#x1798;&#x17D2;&#x179A;&#x17BC;&#x179C;&#x17A2;&#x17C4;&#x1799;&#x1798;&#x17B6;&#x1793;&#x1780;&#x17B6;&#x179A;&#x178F;&#x17D2;&#x179A;&#x17C0;&#x1798;&#x179B;&#x1780;&#x17D2;&#x1781;&#x178E;&#x17C7;&#x1785;&#x17D2;&#x179A;&#x17BE;&#x1793; &#x1791;&#x17B6;&#x17C6;&#x1784;&#x1795;&#x17D2;&#x179B;&#x17BC;&#x179C;&#x1780;&#x17B6;&#x1799; &#x1795;&#x17D2;&#x179B;&#x17BC;&#x179C;&#x1785;&#x17B7;&#x178F;&#x17D2;&#x178F; &#x1793;&#x17B7;&#x1784;&#x1790;&#x179C;&#x17B7;&#x1780;&#x17B6;&#x179A; &#x17D4; &#x179F;&#x17C0;&#x179C;&#x1797;&#x17C5;&#x1793;&#x17C1;&#x17C7;&#x1798;&#x17B7;&#x1793;&#x178F;&#x17D2;&#x179A;&#x17B9;&#x1798;&#x178F;&#x17C2;&#x1794;&#x1784;&#x17D2;&#x179A;&#x17C0;&#x1793;&#x17A2;&#x17C4;&#x1799;&#x1798;&#x17D2;&#x178F;&#x17B6;&#x1799;&#x17AA;&#x1796;&#x17BB;&#x1780;&#x1785;&#x17C1;&#x17C7;&#x179F;&#x17D2;&#x179A;&#x17A1;&#x17B6;&#x1789;&#x17CB;&#x1780;&#x17BC;&#x1793;&#x178F;&#x17C2;&#x1798;&#x17D2;&#x1799;&#x17C9;&#x17B6;&#x1784;&#x1794;&#x17C9;&#x17BB;&#x178E;&#x17D2;&#x178E;&#x17C4;&#x17C7;&#x1791;&#x17C1; &#x1794;&#x17C9;&#x17BB;&#x1793;&#x17D2;&#x178F;&#x17C2;&#x1798;&#x17B6;&#x1793;&#x1796;&#x1793;&#x17D2;&#x1799;&#x179B;&#x17CB;&#x179A;&#x1794;&#x17C0;&#x1794;&#x179A;&#x1794;&#x1794;&#x1787;&#x17B6;&#x1785;&#x17D2;&#x179A;&#x17BE;&#x1793;&#x1791;&#x17C0;&#x178F;&#x178A;&#x17BE;&#x1798;&#x17D2;&#x1794;&#x17B8;&#x1798;&#x17BE;&#x179B;&#x1790;&#x17C2;&#x17A2;&#x17C4;&#x1799;&#x1780;&#x17BC;&#x1793;&#x179B;&#x17BC;&#x178F;&#x179B;&#x17B6;&#x179F;&#x17CB;&#x1791;&#x17B6;&#x17C6;&#x1784;&#x179A;&#x17B6;&#x1784;&#x1780;&#x17B6;&#x1799; &#x1793;&#x17B7;&#x1784;&#x1794;&#x17D2;&#x179A;&#x17B6;&#x1787;&#x17D2;&#x1789;&#x17B6;&#x179F;&#x17D2;&#x1798;&#x17B6;&#x179A;&#x178F;&#x17B8; &#x1796;&#x17D2;&#x179A;&#x1798;&#x1791;&#x17B6;&#x17C6;&#x1784;&#x1794;&#x1784;&#x17D2;&#x17A0;&#x17B6;&#x1789;&#x1782;&#x1793;&#x17D2;&#x179B;&#x17BA;&#x17C7;&#x1785;&#x17B6;&#x17C6;&#x1794;&#x17B6;&#x1785;&#x17CB;&#x179F;&#x1798;&#x17D2;&#x179A;&#x17B6;&#x1794;&#x17CB;&#x1780;&#x17B6;&#x179A;&#x1785;&#x17B7;&#x1789;&#x17D2;&#x1785;&#x17B9;&#x1798;&#x1780;&#x17BC;&#x1793;&#x1794;&#x17D2;&#x179A;&#x1780;&#x1794;&#x178A;&#x17C4;&#x1799;&#x1797;&#x17B6;&#x1796;&#x179C;&#x17B7;&#x1787;&#x17D2;&#x1787;&#x1798;&#x17B6;&#x1793;&#x1793;&#x17B7;&#x1784;&#x179F;&#x17D2;&#x179A;&#x1798;&#x178F;&#x17B6;&#x1798;&#x179F;&#x1798;&#x17D0;&#x1799;&#x1780;&#x17B6;&#x179B;&#x1787;&#x17BF;&#x1793;&#x179B;&#x17BF;&#x1793;&#x1793;&#x17C3;&#x1796;&#x17B7;&#x1797;&#x1796;&#x179B;&#x17C4;&#x1780;&#x200B; &#x17D4; </subfield>
  </datafield>
  <datafield tag="520" ind1=" " ind2=" ">
    <subfield code="a">Becoming a parent is a major turning point in life that requires thorough preparation&#x2014;physically, mentally, and financially. This book not only teaches parents how to love their children, but also explains many practical approaches to care for them so they can grow both physically and intellectually. It also provides essential tips for raising children in a positive way that aligns with the modern, rapidly advancing world.</subfield>
  </datafield>
  <datafield tag="650" ind1=" " ind2=" ">
    <subfield code="a">&#x1780;&#x17B6;&#x179A;&#x1785;&#x17B7;&#x1789;&#x17D2;&#x1785;&#x17B9;&#x1798;&#x1780;&#x17BC;&#x1793;</subfield>
  </datafield>
  <datafield tag="650" ind1=" " ind2=" ">
    <subfield code="a">Child rearing</subfield>
  </datafield>
  <datafield tag="942" ind1=" " ind2=" ">
    <subfield code="2">ddc</subfield>
    <subfield code="c">KHB</subfield>
    <subfield code="n">0</subfield>
  </datafield>
  <datafield tag="999" ind1=" " ind2=" ">
    <subfield code="c">10154</subfield>
    <subfield code="d">10154</subfield>
  </datafield>
  <datafield tag="952" ind1=" " ind2=" ">
    <subfield code="0">0</subfield>
    <subfield code="1">0</subfield>
    <subfield code="2">ddc</subfield>
    <subfield code="4">0</subfield>
    <subfield code="7">0</subfield>
    <subfield code="8">KH</subfield>
    <subfield code="a">002</subfield>
    <subfield code="b">002</subfield>
    <subfield code="c">SKB</subfield>
    <subfield code="d">2026-04-28</subfield>
    <subfield code="l">0</subfield>
    <subfield code="o">RAT  649.1</subfield>
    <subfield code="p">2026-0548</subfield>
    <subfield code="r">2026-04-28 11:20:57</subfield>
    <subfield code="t">1</subfield>
    <subfield code="w">2026-04-28</subfield>
    <subfield code="y">KHB</subfield>
  </datafield>
  <datafield tag="952" ind1=" " ind2=" ">
    <subfield code="0">0</subfield>
    <subfield code="1">0</subfield>
    <subfield code="2">ddc</subfield>
    <subfield code="4">0</subfield>
    <subfield code="7">0</subfield>
    <subfield code="8">KH</subfield>
    <subfield code="a">002</subfield>
    <subfield code="b">002</subfield>
    <subfield code="c">SKB</subfield>
    <subfield code="d">2026-04-28</subfield>
    <subfield code="l">0</subfield>
    <subfield code="o">RAT  649.1</subfield>
    <subfield code="p">2026-0549</subfield>
    <subfield code="r">2026-04-28 11:21:16</subfield>
    <subfield code="t">2</subfield>
    <subfield code="w">2026-04-28</subfield>
    <subfield code="y">KHB</subfield>
  </datafield>
</record>
